|
|
|
|
| LEADER |
01973nam a22003497a 4500 |
| 001 |
39315 |
| 003 |
BD-DhAAL |
| 008 |
220816t2005 bg ||||| |||| 00| 1 ben d |
| 999 |
|
|
|c 44849
|d 44849
|
| 020 |
|
|
|a 9844066247
|
| 020 |
|
|
|a 9799844063074
|
| 040 |
|
|
|a BD-DhAAL
|c BD-DhAAL
|
| 041 |
|
|
|a ben
|
| 082 |
|
|
|a 891.443
|2 23
|
| 245 |
|
|
|a সৈয়দ মুজতবা আলী :
|b রচনাবলী,
|n সপ্তম খণ্ড (প্রথম পর্ব) /
|c সম্পাদনা পরিষদ আবদুল্লাহ আবু সায়ীদ, আবদুল মান্নান সৈয়দ, সৈয়দা ফাউজিয়া আলী, সৈয়দ রুহুল আমিন, সৈয়দ মশাররফ আলী, সৈয়দ জগলুল আলী, ওবায়দুর রব.
|
| 246 |
|
|
|a Syed Mujtaba Ali rachanabali
|
| 260 |
|
|
|a ঢাকা :
|b ষ্টুডেন্ট ওয়েজ,
|c ২০০৪.
|
| 300 |
|
|
|a ৪২৮ পৃষ্ঠা ;
|c ২২ সে.মি.
|
| 362 |
|
|
|a Vol. 7(1)
|
| 541 |
|
|
|a Donated By Akbar Ali Khan
|e 39315
|
| 600 |
|
|
|a আলী, সৈয়দ মুজতবা
|9 50862
|
| 650 |
|
|
|a Bengali fiction.
|9 50863
|
| 700 |
|
|
|a সায়ীদ, আবদুল্লাহ আবু
|9 50864
|
| 700 |
|
|
|a সৈয়দ, আবদুল মান্নান
|9 50865
|
| 700 |
|
|
|a আলী, সৈয়দা ফাউজিয়া
|9 50866
|
| 700 |
|
|
|a আমিন, সৈয়দ রুহুল
|9 50867
|
| 700 |
|
|
|a আলী, সৈয়দ মশাররফ
|9 50868
|
| 700 |
|
|
|a আলী, সৈয়দ জগলুল
|9 50869
|
| 700 |
|
|
|a রব, ওবায়দুর
|9 50870
|
| 852 |
|
|
|a Ayesha Abed Library
|c Akbar Ali Khan Collection
|
| 942 |
|
|
|2 ddc
|c BK
|
| 952 |
|
|
|0 0
|1 0
|2 ddc
|4 0
|6 891_443000000000000_SYE
|7 1
|9 71673
|a BRACUL
|b BRACUL
|c AWC
|d 2022-08-16
|e Donated by Akbar Ali Khan
|l 0
|o 891.443 SYE
|p 3010039315
|r 2022-08-16
|t 1
|w 2022-08-16
|y BK
|